000
00525nam a22001457a 4500
020
_a
9788174733771
082
_a
338
100
_a
Anand,N.K
245
_a
Health Economics
260
_a
India
_b
Aitbs publishers
_c
2015
300
_a
553
942
_c
BK
999
_c
2513
_d
2513